Ciudades Más Grandes en Maharashtra - Estadísticas

Estadísticas generales
  • Esta prueba ha sido intentada 6 veces
  • La puntuación promedio es 6 de 10
Estadísticas de respuestas
Población Ciudad % Correcto
18,394,912 Mumbai
100%
5,057,709 Pune
100%
1,193,167 Aurangabad
80%
2,497,870 Nagpur
80%
1,561,809 Nashik
80%
951,558 Solapur
60%
647,057 Amravati
40%
735,681 Bhiwandi
40%
1,222,390 Vasai-Virar
40%
576,642 Malegaon
0%
No se encontraron pruebas coincidentes
Distribución de puntuación
Porcentaje de gente con cada puntuación
Porcentaje por número respondido
Historial de tus puntuaciones
No has intentado esta prueba.